000 00767cam a2200229 i 4500
005 20170105102341.0
008 121003s2011 pk 001 0beng
020 _a9780195477108
040 _aDLC
_cDLC
082 _2954.9040924
100 1 _aBakhsh, Ilahi.
245 1 0 _aWith the Quaid i Azam during his last days
_cIlahi Bakhsh ; foreword by Fatima Jinnah.
260 _aKarachi :
_bOxford University Press,
_c2011.
300 _axix, 67 pages ;
_c22 cm
500 _aSecond edition published in 1978 by the Quaid-i-Azam Academy.
500 _aIncludes index.
600 0 0 _aJinnah, Mahomed Ali,
_d1876-1948.
650 0 _aStatesmen
_zPakistan
_vBiography.
650 0 _aHeads of state
_zPakistan
_vBiography.
942 _2ddc
_cBK
999 _c11512
_d11512